000 02133cam a2200529Ma 4500
003 PE-LiUPU
005 20250731172940.0
008 971009s1998 miu 001 0 eng d
020 _a0310210801
020 _a9780310210801
035 _a(Sirsi) i9780310210801
040 _aPE-LiUPU
_bspa
_cPE-LiUPU
_erda
049 _aPRUA
082 0 4 _a228.07
_bF7
_221
245 0 0 _aFour views on the Book of Revelation /
_cC. Marvin Pate, general editor.
264 _aGrand Rapids, Mich. :
_bZondervan,
_c1998.
300 _a252 páginas. ;
_c21 centímetros.
336 _atext
_2rdacontent
337 _aunmediated
_2rdamedia
338 _avolume
_2rdacarrier
490 0 _aCounterpoints
504 _aBibliografía: páginas 233-239
504 _aÍndice: páginas 241-252.
505 0 _aA preterist view of revelation. -- An idealist view of Revelation. -- A progressive dispensationalist view of revelation. -- A classical dispensationalist view of Revelation.
526 _aSEG42
526 _aSEG41
526 _aSEG40
526 _aSEG39
526 _aP94
526 _aP87
526 _aP86
526 _aP85
526 _aP77
526 _aP76
526 _aP35
630 0 0 _aBiblia.
_pN.T.
_pApocalipsis
_vCrítica, interpretación, etc.
700 1 _aPate, C. Marvin.
_eeditor
910 _ajck
_bbpc
_cbpc
_d20160526
942 _2ddc
_cBOOK
949 _a228.07 F7
_wDEWEY
_c1
_i72806
_lCCODEBUL1
_mBUL
_p19.99
_r0
_sY
_tBOOK
_u2016-5-26
_xTEOLOGIA
_PP35
_0COMPRA
_o.STAFF. Colección General
949 _a228.07 P28
_wDEWEY
_c1
_i44533
_lCCODEBUL1
_mBUL
_r0
_sY
_tBOOK
_u2015-6-24
_xTEOLOGIA
_PP35
_0COMPRA
_o.STAFF. Colección General
994 _aC0
_bPEPRU
596 _a1
999 _a228.07 P28
_wDEWEY
_c21416
_i44533
_d21416
_f2019-12-10
_g4
_lDISCARD
_mBUL
_q2
_r1
_sY
_tBOOK
_u2015-6-24
_xTEOLOGIA
_PP35
_0COMPRA
_o.STAFF. Colección General
999 _a228.07 F7
_wDEWEY
_c1
_i72806
_d2019-5-14
_f2021-11-9
_g5
_lCCODEBUL1
_mBUL
_p19.99
_q4
_r0
_sY
_tBOOK
_u2016-5-26
_xTEOLOGIA
_PP35
_0COMPRA
_o.STAFF. Colección General
980 _81
_gALBERTO SANCHEZ Responsable de Automatización